00502nam a2200193 a 450000100080000000500110000800800410001910000220006024500160008226000570009830000090015549000500016450000340021465000150024865000110026365000140027465000100028865300100029812912181999-02-26 1982 bl uuuu u0uu1 u #d1 aPEIXOTO, A. B. F. aAraliaceae. aGoiania: Ed. da Universidade Federal de Goiásc1982 a43p. a(Flora do Estado de Goias. Colecao Rizzo, 3). aCoordenador Jose Angelo Rizzo aAraliaceae abotany aBotânica aFlora aGoias